000 01812nam1a2200277 i 4500
001 RU\NLR\BIBL_A\011682899
005 20241103104235.0
010 _a9785777921437
035 _a(NLR Aleph) 011682899
090 _a11296721
_c11296721
100 _a20180405g20179999u y0rusy50 ca
101 0 _arus
102 _aRU
105 _a||||j||||||||
200 1 _aПрограммирование и практика на ЭВМ
_iЯзык Паскаль
_eучебно-методическое пособие
_e[для студентов 1 курса физического факультета первого семестра обучения, изучающих программирование]
_eв двух частях
_fМ.В. Мамонова, П.В. Прудников
_gМинистерство образования и науки Российской Федерации, Федеральное государственное бюджетное образовательное учреждение высшего образования Омский государственный университет им. Ф.М. Достоевского
210 _aОмск
_cИзд-во Омского государственного университета
_d2017
215 _d19
606 _aPASCAL, язык программирования
_jУчебно-методические пособия для высших учебных заведений
_91182114
_3RU\NLR\AUTH\66475840
686 1 _aЗ973.2-018.1я73-1
700 1 _aМамонова
_bМ. В.
_gМарина Владимировна
701 1 _aПрудников
_bП. В.
_gПавел Владимирович
852 _aNLR
_j2018-3/9631
942 _cBOOK
980 _aNBR